| 000 | 00415nam a22001217a 4500 | ||
|---|---|---|---|
| 082 | _a220 PRO | ||
| 100 |
_aNC SHAHEER AHMED NC AHSAN AFTAB NC WALEED AHMED _971090 |
||
| 245 | _aPR-SOF-1712-Design Optimization of Mechanically Driven Water Purification System | ||
| 260 |
_aISLAMABAD _bNUST COLLEGE OF EME _c2018 |
||
| 650 | _aDE-MECH-36 DECLASS | ||
| 700 |
_aPROJECT SUPERVISOR Dr. Tariq Talha _971091 |
||
| 942 | _cCR | ||
| 999 |
_c577802 _d577802 |
||